Words That End in 'AX' Quiz Stats

 Plays Quiz Updated Aug 16, 2014

Support Sporcle.
Go Orange.
Score 0/16 Timer 05:00
0 Plays Today
Clue Word % Correct
Term for being loose or slack, or California's busiest airportLax
91.8%
An outmoded form of business communicationFax
91.1%
A compulsory charge levied by the stateTax
88.6%
Thrash metal band or potentially lethal bacterial diseaseAnthrax
86.4%
Against medical advice, many people still use Q-Tips for thisEarwax
84.9%
A shortened term for John Coltrane's 'jazz weapon'Sax
84.1%
Frankie says 'Put your feet up'Relax
78.4%
Part of the human body more often referred to as the chestThorax
77.7%
Clue Word % Correct
The culmination or most intense pointClimax
77.5%
Dr. Seuss character who speaks for the treesLorax
74.4%
The study of the formation of grammatical sentencesSyntax
72.6%
First name of German surrealist Ernst, and sociologist WeberMax
69.7%
Provincial capital of Nova Scotia, or West Yorkshire townHalifax
65.9%
The most successful soccer team in the NetherlandsAjax
58.3%
A common occurrence on April Fools DayHoax
35.3%
To persuade persistentlyCoax
32.8%

You're not logged in!

Compare scores with friends on all Sporcle quizzes.
OR
Log In

From the Vault

Sports: Spell 'Shawn'

by Kicking222

We are fairly sure that there would be fewer alternate spellings of Shawn if birth certificates came with a spell checker.
Remove Ads.
Support Sporcle.
Get the best of Sporcle when you Go Orange. This ad-free experience offers more features, more stats, and more fun while also helping to support Sporcle. Thank you for becoming a member.

Show Comments

Extras

Top Quizzes Today


Score Distribution

Your Account Isn't Verified!

In order to create a playlist on Sporcle, you need to verify the email address you used during registration. Go to your Sporcle Settings to finish the process.

Report this User

Report this user for behavior that violates our Community Guidelines.

Details: